书目信息 |
| 题名: |
无法解释的存在
|
|
| 作者: | 韩军 编写 | |
| 分册: | ||
| 出版信息: | 北京 中国建材工业出版社 1998 |
|
| 页数: | 100页 | |
| 开本: | 19cm | |
| 丛书名: | 世界科技全景百卷书 | |
| 单 册: | ||
| 中图分类: | X43-49 , X43 | |
| 科图分类: | ||
| 主题词: | 自然灾害--世界--普及读物 | |
| 电子资源: | ||
| ISBN: | 7-80090-768-6 | |
| 000 | 00732oam2 2200253 450 | |
| 001 | 1561958562 | |
| 005 | 20150127171316.56 | |
| 010 | @a7-80090-768-6@dCNY6.80 | |
| 100 | @a19961012d1998 em y0chiy0110 ea | |
| 101 | 0 | @achi |
| 102 | @aCN@b110000 | |
| 105 | @ay z 000yy | |
| 200 | 1 | @a无法解释的存在@Awu fa jie shi de cun zai@9zi ran da zai nan@f韩军编写 |
| 210 | @a北京@c中国建材工业出版社@d1998 | |
| 215 | @a100页@d19cm | |
| 225 | 2 | @a世界科技全景百卷书@i改造地球系列@v72 |
| 461 | 0 | @12001 @a世界科技全景百卷书 |
| 462 | 0 | @12001 @a改造地球系列 |
| 606 | 0 | @a自然灾害@y世界@x普及读物 |
| 690 | @aX43-49@v5 | |
| 690 | @aX43@v4 | |
| 701 | 0 | @a韩军@9han jun@4编写 |
| 801 | 0 | @aCN@bTSSF@c20150127 |
| 905 | @aZUCC@dX43@eJY2 | |
| 无法解释的存在/韩军编写.-北京:中国建材工业出版社,1998 |
| 100页;19cm.-(世界科技全景百卷书.改造地球系列;72) |
| ISBN 7-80090-768-6:CNY6.80 |
| ● |
| 相关链接 |
|
|
|
|
正题名:无法解释的存在
索取号:X43/JY2
 
预约/预借
| 序号 | 登录号 | 条形码 | 馆藏地/架位号 | 状态 | 备注 |
| 1 | 7837354 | 278373546 | 学院路分馆/ [索取号:X43/JY2] | 在馆 | |
| 2 | 7837355 | 278373555 | 学院路分馆/ [索取号:X43/JY2] | 在馆 |